| 000 | 00877cam a2200289 4500 | ||
|---|---|---|---|
| 999 |
_c3588 _d3588 |
||
| 001 | 2793 | ||
| 003 | GBCCL | ||
| 005 | 20241126110458.0 | ||
| 008 | 710621s1971 nyu 00010 engm | ||
| 010 | _a 71141871 | ||
| 020 | _a0877940258 | ||
| 035 | _aOCM00145798 821023 | ||
| 040 |
_aDLC _cDLC _dOCL _dLBB |
||
| 049 | _aLBBK | ||
| 050 | 0 |
_aBS550.2 _b.B76 |
|
| 082 |
_a220.9505 _bBUC |
||
| 092 |
_a220.9505 _bB922 |
||
| 100 | 1 | 0 |
_aBuck, Pearl S. _q(Pearl Sydenstricker), _d1892-1973. _97149 |
| 245 | 1 | 4 |
_aThe story Bible, _cby Pearl S. Buck. |
| 260 | 0 |
_a[New York] _bBartholomew House _c[1971] |
|
| 300 |
_a504 p. _c27 cm. |
||
| 350 | _a$7.95 | ||
| 500 | _a"The complete Old and New Testaments retold in seventy-two 'story-sections.'" -- Jacket. | ||
| 650 | 0 |
_aBible stories, English. _91346 |
|
| 870 | 1 | 9 |
_j100/1 _aBuck, Pearl Sydenstricker, _d1892-1973. |
| 942 |
_2ddc _cBK |
||